000 004410000a22001810004500
003 MACL
005 20150909125138.0
008 150909b xxu||||| |||| 00| 0 eng d
040 _aMACL
_cMACL
041 _aEnglish
082 _a820/NAN
100 _aNanda B R
_98980
245 _aGovind Ballabh Pant
_bvol 4
260 _bOxford University Press
_c1995
_aNew Delhi
350 _a375
650 _aLiterature
_99495
942 _cBK
_k820
_2ddc
999 _c2746
_d2746